Ethics and the history of philosophy : (Record no. 56753)
[ view plain ]
| 000 -LEADER | |
|---|---|
| fixed length control field | 00831nam a2200253 a 4500 |
| 001 - CONTROL NUMBER | |
| control field | 56753 |
| 003 - CONTROL NUMBER IDENTIFIER | |
| rucl marc code | BD-RJUL |
| 005 - DATE AND TIME OF LATEST TRANSACTION | |
| control field | 20211209080429.0 |
| 008 - FIXED-LENGTH DATA ELEMENTS--GENERAL INFORMATION | |
| fixed length control field | 161204s1952 enk 001 0deng d |
| 035 ## - SYSTEM CONTROL NUMBER | |
| System control number | CURL 020000275686(Edi) from sempc731 |
| System control number | BD-RjUL56877 |
| 040 ## - CATALOGING SOURCE | |
| Original cataloging agency | BD-RjUL |
| Language of cataloging | eng |
| Transcribing agency | BD-RjUL |
| 041 ## - LANGUAGE CODE | |
| Language code of text/sound track or separate title | eng |
| 082 ## - DEWEY DECIMAL CLASSIFICATION NUMBER | |
| Classification number | 109 |
| Edition number | 23 |
| Author mark and year | BRE 1952 |
| 100 1# - MAIN ENTRY--PERSONAL NAME | |
| Personal name | Broad, C. D. |
| Fuller form of name | (Charlie Dunbar), |
| Dates associated with a name | 1887-1971. |
| 9 (RLIN) | 168769 |
| 245 10 - TITLE STATEMENT | |
| Title | Ethics and the history of philosophy : |
| Remainder of title | selected essays / |
| Statement of responsibility, etc. | by C.D. Broad. |
| 260 ## - PUBLICATION, DISTRIBUTION, ETC. (IMPRINT) | |
| Place of publication, distribution, etc. | London : |
| Name of publisher, distributor, etc. | Routledge & Kegan Paul, |
| Date of publication, distribution, etc. | 1952. |
| 300 ## - PHYSICAL DESCRIPTION | |
| Pagination | xiii, 274 p. ; |
| Size | 22 cm. |
| 500 ## - GENERAL NOTE | |
| General note | Includes indexes. |
| 650 #0 - SUBJECT ADDED ENTRY--TOPICAL TERM | |
| Topical term or geographic name as entry element | Philosophy |
| General subdivision | History. |
| 9 (RLIN) | 168770 |
| 830 #0 - SERIES ADDED ENTRY--UNIFORM TITLE | |
| Uniform title | International library of psychology, philosophy, and scientific method. |
| 942 ## - ADDED ENTRY ELEMENTS (KOHA) | |
| Source of classification or shelving scheme | Dewey Decimal Classification |
| Koha item type | Books |
| Lost status | Source of classification or shelving scheme | Damaged status | Not for loan | Collection code | Permanent Location | Current Location | Shelving location | Date acquired | Source of acquisition | Cost, normal purchase price | Total Checkouts | Full call number | Date last seen | Copy number | Koha item type |
|---|---|---|---|---|---|---|---|---|---|---|---|---|---|---|---|
| Dewey Decimal Classification | Not For Loan | Non-fiction | Central Library, University of Rajshahi | Central Library, University of Rajshahi | Reading Room | 02/02/1956 | Allies Books cor. | 17.10 | 109 BRE 1952 | 04/12/2016 | C-1 | Books |